[Event "AUTO-MASTER-3266"]
[Site "http://www.queenalice.com/game.php?id=1857766"]
[Date "2025.5.24"]
[Round "1"]
[White "atbn"]
[Black "IranSilva"]
[Result "0-1"]
[WhiteElo "1968"]
[BlackElo "2216"]

1. e4 e6 2. d4 d5 3. Nc3 dxe4 4. Nxe4 Nd7 5. Nf3 Ngf6 6. Bd3 Nxe4 7. Bxe4 Nf6 8.
Bd3 Bd6 9. Bg5 O-O 10. Ne5 h6 11. Bh4 Be7 12. Qf3 Qxd4 13. Bg3 Bd6 14. O-O-O Kh8
15. Rhe1 a5 16. Nc4 Rd8 17. Nxd6 cxd6 18. Kb1 Qb6 19. Bh4 Qd4 20. Bg3 Qb6 21.
Bh4 Qd4 22. Bg6 Qxh4 23. Bxf7 Qg4 24. Qe3 e5 25. Qb6 Be6 26. Bxe6 Qxe6 0-1

[Event "AUTO-MASTER-3266"]
[Site "http://www.queenalice.com/game.php?id=1857767"]
[Date "2025.5.24"]
[Round "1"]
[White "IranSilva"]
[Black "atbn"]
[Result "1-0"]
[WhiteElo "2228"]
[BlackElo "1962"]

1. Nf3 d5 2. e3 c5 3. d4 Bg4 4. Be2 Nc6 5. c3 e6 6. O-O Nf6 7. b3 cxd4 8. cxd4
Rc8 9. Ba3 Nb4 10. Nbd2 a6 11. Bxb4 Bxb4 12. h3 Bxf3 13. Bxf3 O-O 14. Rc1 Qa5
15. Nb1 Qxa2 16. Qd3 Qa5 17. g4 Rc6 18. Rxc6 bxc6 19. Rc1 Rc8 20. g5 Nd7 21. e4
Qd8 22. Qxa6 Qxg5+ 23. Kh2 Qf4+ 24. Kg2 Qxc1 25. Qxc8+ Nf8 26. Qb7 c5 27. dxc5
dxe4 28. Qxe4 1-0

[Event "AUTO-MASTER-3266"]
[Site "http://www.queenalice.com/game.php?id=1857768"]
[Date "2025.5.24"]
[Round "1"]
[White "atbn"]
[Black "Guilherme_Ottoni"]
[Result "0-1"]
[WhiteElo "1971"]
[BlackElo "2227"]

1. e4 e5 2. Nf3 Nc6 3. Bc4 Nf6 4. Ng5 d5 5. exd5 Na5 6. d3 h6 7. Nf3 e4 8. Qe2
Nxc4 9. dxc4 Bc5 10. Nc3 O-O 11. Ng1 Bg4 12. f3 exf3 13. Nxf3 Re8 0-1

[Event "AUTO-MASTER-3266"]
[Site "http://www.queenalice.com/game.php?id=1857769"]
[Date "2025.5.24"]
[Round "1"]
[White "Guilherme_Ottoni"]
[Black "atbn"]
[Result "1-0"]
[WhiteElo "2305"]
[BlackElo "1971"]

1. e4 e6 2. d4 d5 3. Nc3 Bb4 4. e5 Ne7 5. a3 Ba5 6. b4 Bb6 7. Nf3 Nf5 8. Be2 Nc6
9. Be3 f6 10. exf6 Qxf6 11. Bb5 Bd7 12. Bg5 Qf7 13. Ne2 O-O 14. Bxc6 Bxc6 15.
O-O Bb5 16. c3 a5 17. Re1 axb4 18. cxb4 Bxe2 19. Rxe2 h6 20. Bc1 c6 21. Bb2 Qf6
22. a4 Bc7 23. Qe1 Rae8 24. Ne5 Bxe5 25. Rxe5 Nd6 26. Re2 Ne4 27. f3 1-0

[Event "AUTO-ADV-4840"]
[Site "http://www.queenalice.com/game.php?id=1859377"]
[Date "2025.7.4"]
[Round "2"]
[White "atbn"]
[Black "andrevillares"]
[Result "0-1"]
[WhiteElo "1954"]
[BlackElo "2135"]

1. e4 c6 2. Nf3 d5 3. exd5 cxd5 4. Bb5+ Nc6 5. Ne5 Qb6 6. Qf3 Nf6 7. Nc3 e6 8.
d3 Bb4 9. a4 O-O 10. Bxc6 bxc6 11. Bd2 Qc5 12. Qe3 d4 13. Qe2 dxc3 14. bxc3 Bxc3
15. Rd1 Bxe5 16. O-O Bc7 17. Be3 Qd6 18. f4 Bb7 19. Rf3 c5 20. Rg3 e5 21. f5 Qd7
22. Rf1 e4 23. Bxc5 Rfe8 24. Re3 exd3 25. cxd3 Qc6 26. Rxe8+ Rxe8 27. Qc2 Nd7
28. d4 Bb6 29. Kh1 Ba6 30. Rd1 Re2 0-1

[Event "AUTO-ADV-4881"]
[Site "http://www.queenalice.com/game.php?id=1860843"]
[Date "2025.7.30"]
[Round "1"]
[White "Capixaba789"]
[Black "atbn"]
[Result "1-0"]
[WhiteElo "1932"]
[BlackElo "1945"]

1. d4 e6 2. e4 d5 3. exd5 exd5 4. Nc3 Nf6 5. Bd3 Nc6 6. Be3 Bb4 7. Nf3 Ne4 8.
O-O Nxc3 9. bxc3 Bxc3 10. Rb1 O-O 11. Ne5 Nxe5 12. dxe5 g6 13. f4 f6 14. exf6
Bxf6 15. Qf3 Bg7 16. Qg3 d4 17. Rbd1 Be6 18. Bf2 Bxa2 19. Kh1 Be6 20. Qf3 Qd5
21. Be4 Qc4 22. f5 Bxf5 23. Bd5+ Be6 24. Bxc4 Rxf3 25. Bxe6+ Rf7 26. Bxf7+ 1-0

[Event "AUTO-ADV-4881"]
[Site "http://www.queenalice.com/game.php?id=1860844"]
[Date "2025.7.30"]
[Round "1"]
[White "atbn"]
[Black "Capixaba789"]
[Result "1-0"]
[WhiteElo "1928"]
[BlackElo "1917"]

1. e4 e5 2. Nf3 d6 3. Nc3 Be7 4. Bc4 Nf6 5. d4 exd4 6. Nxd4 Bg4 7. f3 Bh5 8. Be3
Nbd7 9. Nf5 O-O 10. g4 Bg6 11. Rg1 Ne5 12. Bb3 c6 13. Qe2 a5 14. a4 Nfd7 15. f4
Bh4+ 16. Nxh4 Qxh4+ 17. Bf2 Qxh2 18. fxe5 Qxe5 19. O-O-O Nc5 20. Bg3 Qg5+ 21.
Kb1 Nxb3 22. cxb3 Rfe8 23. Bxd6 b5 24. Ka2 b4 25. Nb1 Bxe4 26. Qd2 Bxb1+ 27.
Kxb1 Qg6+ 28. Ka2 Rad8 29. Qf4 Re4 30. Qg3 Rde8 31. Rde1 Qe6 32. Rxe4 Qxe4 33.
Bc7 1-0

[Event "AUTO-ADV-4824"]
[Site "http://www.queenalice.com/game.php?id=1862429"]
[Date "2025.9.2"]
[Round "2"]
[White "lat47"]
[Black "atbn"]
[Result "1-0"]
[WhiteElo "1949"]
[BlackElo "1956"]

1. d4 e6 2. e4 d5 3. e5 c5 4. Be3 cxd4 5. Bxd4 Nc6 6. c3 Nge7 7. Bb5 a6 8. Bxc6+
Nxc6 9. Be3 Nxe5 10. b3 Bd6 11. f4 Nc6 12. Qe2 Qf6 13. Nf3 Bxf4 14. Bd4 Nxd4 15.
Nxd4 Bd7 16. a4 Rc8 17. O-O Qe5 18. Qxe5 Bxe5 19. Re1 f6 20. Rd1 Kf7 21. Ra2 Rc7
22. Rd3 Rhc8 23. Rc2 Bd6 24. Ne2 b5 25. Ra2 1-0

[Event "AUTO-ADV-4824"]
[Site "http://www.queenalice.com/game.php?id=1862430"]
[Date "2025.9.2"]
[Round "2"]
[White "atbn"]
[Black "lat47"]
[Result "0-1"]
[WhiteElo "1974"]
[BlackElo "1931"]

1. e4 e5 2. Nf3 d6 3. Bc4 Qe7 4. Nc3 Nf6 5. Ng5 Be6 6. Nxe6 fxe6 7. d3 h6 8. Nb5
a6 9. Nc3 g5 10. Be3 Qd7 11. Qf3 Bg7 12. h4 gxh4 13. Qh3 d5 14. exd5 exd5 15.
Qxd7+ Nbxd7 16. Nxd5 Nxd5 17. Bxd5 c6 18. Be4 Bf8 19. Rxh4 O-O-O 20. O-O-O Kb8
21. Rdh1 Re8 22. Bxh6 Be7 23. R4h3 Rhg8 24. Be3 Rxg2 0-1